000 01024nam a22002177a 4500
999 _c60652
_d60652
003 Ge_BSU
005 20241122122005.0
008 230929s2009 ge ||||| |||| 00| 0 geo d
020 _a9789941005565
041 _ageo
080 _a658(075.8) ც-73
100 _aცისკარიშვილი, მალხაზ
_919965
245 _aპრაქტიკული მენეჯმენტი :
_b(სალექციო კურსი) /
_cმალხაზ ცისკარიშვილი ; [რედ. ბ. ზარნაძე] ;
264 _aთბილისი :
_b(შპს "პოლიგრაფისტი")
_c2009.
300 _a260გვ. :
_bნახ, ცხრ. ;
_c20სმ.
504 _aბიბლიოგრ.: გვ. 260.
653 _aმენეჯმენტი
700 _aზარნაძე, ბ.
_eრედაქტორი
_918511
710 _aთბილ. საბანკო-საფინანსო ინ-ტი.
_918512
942 _2udc
_cBK